E-government and effectiveness of public finance case of the Czech Republic

Uložené v:
Podrobná bibliografia
Hlavný autor: Klazar, Stanislav
Médium: Kapitola
Jazyk:English
Predmet:
Tagy: Pridať tag
Žiadne tagy, Buďte prvý, kto otaguje tento záznam!

MARC

LEADER 00000naa$a2200000$$$4500
001 0031982
005 20220927142501.7
041 0 |a eng 
044 |a SK 
245 1 0 |a E-government and effectiveness of public finance  |b case of the Czech Republic  |c Stanislav Klazar 
610 2 0 |a správa štátna 
610 2 0 |a správa verejná elektronická 
610 2 0 |a elektronizácia 
610 2 0 |a efektívnosť 
610 2 0 |a financie verejné 
610 2 0 |a služby verejné 
610 2 0 |a obyvateľstvo 
610 2 0 |a Česko 
100 1 |a Klazar, Stanislav